One of Two: US Presidents Quiz Stats

Quiz Updated Jan 20, 2017

Challenge
Share
Tweet
Embed
Score 0/30 Timer 07:00
0 Plays Today
Can you name... Presidents % Correct
One of the two US Presidents who signed the Declaration of Independence?John Adams and Thomas Jefferson
98.9%
One of the two US Presidents who was assassinated in Washington D.C.?Abraham Lincoln and James Garfield
94.4%
One of the two US Presidents who earned more than 520 electoral votes in a single election?Franklin D. Roosevelt and Ronald Reagan
88.1%
One of the two US Presidents who became President by operation of Article II, ยง1, Cl. 6 since 1945?Lyndon B. Johnson and Gerald Ford
83.5%
One of the two US Presidents who was impeached?Andrew Johnson and Bill Clinton
80.9%
One of the two US Presidents to serve exactly one term since WWII?Jimmy Carter and George H.W. Bush
77.5%
One of the two US Presidents assassinated outside of Washington D.C.?William McKinley and John F. Kennedy
74.3%
One of the two US Presidents whose father was also a US President?John Quincy Adams and George W. Bush
72.6%
One of the two US Presidents who served for less than 200 days?William Henry Harrison and James Garfield
71.3%
One of the two US Presidents who had a child born to them while they were President?Grover Cleveland and John F. Kennedy
55.5%
One of the two US Presidents who served as a 'judge' or justice?William Howard Taft and Harry Truman
53.8%
One of the two US Presidents whose middle name is also a Presidential last name?Ronald Reagan and Bill Clinton
49.7%
One of the two US Presidents who were also Presidents of a college or university?Woodrow Wilson and Dwight D. Eisenhower
48.6%
One of the two US Presidents who attended Harvard Law School?Rutherford B. Hayes and Barack Obama
45.4%
One of the two US Presidents who ran for President on a third-party ticket in the 19th Century?Martin Van Buren and Millard Fillmore
42.6%
Can you name... Presidents % Correct
One of the two US Presidents who previously served as a military Governor of a state?Andrew Jackson and Andrew Johnson
42.5%
One of the two US Presidents who took the oath of office in New York state after 1800?Chester A. Arthur and Theodore Roosevelt
41.6%
One of the two US Presidents who served as Ambassador Plenipotentiary to France?Thomas Jefferson and James Monroe
39.7%
One of the two US Presidents who earned an undergraduate degree from Princeton?James Madison and Woodrow Wilson
37.6%
One of the two US Presidents between the Civil War and the Great War who lost the popular vote?Rutherford B. Hayes and Benjamin Harrison
37%
One of the two US Presidents who was a Quaker?Herbert Hoover and Richard Nixon
35.8%
One of the two US Presidents who got married while in office in the 19th Century?John Tyler and Grover Cleveland
28.4%
One of the two US Presidents who were veterans of the Blackhawk War?Zachary Taylor and Abraham Lincoln
26.4%
One of the two US Presidents who served as a Senator from Ohio?William Henry Harrison and Warren G. Harding
26.1%
One of the two US Presidents whose biological children had all died before he took office?Franklin Pierce and William McKinley
24.9%
One of the two US Presidents who also served as Secretary of War?James Monroe and William Howard Taft
20.2%
One of the two US Presidents who was ambassador to Russia?John Quincy Adams and James Buchanan
20.2%
One of the two US Presidents who lived less than 1,000 days after their term in office?James K. Polk and Chester A. Arthur
19.3%
One of the two US Presidents whose wife was named 'Julia'?John Tyler and Ulysses Grant
18.9%
One of the two US Presidents who had a donkey as a Presidential pet?George Washington and Calvin Coolidge
15.4%

You're not logged in!

Compare scores with friends on all Sporcle quizzes.
Join for Free
OR
Log In

You Might Also Like...

Show Comments

Extras

Top Quizzes Today


Score Distribution

Your Account Isn't Verified!

In order to create a playlist on Sporcle, you need to verify the email address you used during registration. Go to your Sporcle Settings to finish the process.

Report this User

Report this user for behavior that violates our Community Guidelines.

Details: